000 00540nam a2200181Ia 4500
008 151018s9999 xx 000 0 und d
082 _bRBASDV19045
_a891.463
100 _aबा भ बोरकर
245 _aभावीण
250 _b1
260 _bबांदोडकर पब्लिशिंग कंपनी मुंबई
_c1986
300 _a208
600 _aबा भ बोरकर
630 _aभावीण
700 _aबा भ बोरकर
730 _aभावीण
942 _cBOOK
999 _c1019687
_d1019684